Library Banner

The measuring stick (Record no. 73153)

MARC details
000 -LEADER
fixed length control field 00551nam a2200193Ia 4500
001 - CONTROL NUMBER
control field 67684
008 - FIXED-LENGTH DATA ELEMENTS--GENERAL INFORMATION
fixed length control field 150618s9999 xx 000 0 und d
020 ## - INTERNATIONAL STANDARD BOOK NUMBER
International Standard Book Number NA
040 ## - CATALOGING SOURCE
Transcribing agency PK-LaUMT
082 ## - DEWEY DECIMAL CLASSIFICATION NUMBER
Classification number MAL 158
Item number TAY-M
100 ## - MAIN ENTRY--PERSONAL NAME
Personal name Taylor, Vernon L.
245 #4 - TITLE STATEMENT
Title The measuring stick
Remainder of title a guide to self-improvement in teaching
Statement of responsibility, etc Taylor, Vernon L.|Taylor, Juanita J.
260 ## - PUBLICATION, DISTRIBUTION, ETC. (IMPRINT)
Place of publication, distribution, etc Middletwon,usa:
Name of publisher, distributor, etc Key Productions Publishing Dept.,
Date of publication, distribution, etc 1981
300 ## - PHYSICAL DESCRIPTION
Extent 32 p.
546 ## - LANGUAGE NOTE
Language note EN
650 ## - SUBJECT ADDED ENTRY--TOPICAL TERM
Topical term or geographic name as entry element Self improvement
700 ## - ADDED ENTRY--PERSONAL NAME
Personal name Taylor, Juanita J.
942 ## - ADDED ENTRY ELEMENTS (KOHA)
Koha item type Books
Holdings
Withdrawn status Lost status Damaged status Not for loan Home library Current library Date acquired Total Checkouts Full call number Barcode Date last seen Price effective from Koha item type
        UMT Main Campus UMT Main Campus 2015-06-18   MAL 158 TAY-M 75165 2015-06-18 2015-06-18 Books